000 00551nam a2200181 a 4500
005 20250212063730.0
008 991125s1979 mx 000 0 spa u
035 _aUPN01000000730
049 _aCG
050 4 _aHB501
_bF7.38
100 1 _aFrank, André Gunder,
_d1929-2005
_930938
245 1 3 _aLa acumulación mundial, 1492-1789 /
_cAndre Gunder Frank ; tr. Alberto Jiménez.
260 _aMéxico :
_bSiglo XXI,
_c1979.
300 _a286 p.
500 _aDisponible en la Colección Medina
650 4 _aCapitalismo
_xHistoria
_96564
905 _aLibro
999 _c730
_d730